1985 annual property review (Record no. 91488)

MARC details
000 -LEADER
fixed length control field 00595cam a2200241 4500
001 - CONTROL NUMBER
control field B1416
008 - FIXED-LENGTH DATA ELEMENTS--GENERAL INFORMATION
fixed length control field 090401t1985 xxu||||| |||| 00| 0 eng d
035 ## - SYSTEM CONTROL NUMBER
System control number (Sirsi) u44320
041 ## - LANGUAGE CODE
Language code of text/sound track or separate title eng
050 ## - LIBRARY OF CONGRESS CALL NUMBER
Classification number 333.33094231
110 ## - MAIN ENTRY--CORPORATE NAME
Corporate name or jurisdiction name as entry element Farrant and Wightman
9 (RLIN) 2247
245 ## - TITLE STATEMENT
Title 1985 annual property review
260 ## - PUBLICATION, DISTRIBUTION, ETC.
Place of publication, distribution, etc. Swindon,Wilts
Name of publisher, distributor, etc. Farrant and Wightman
Date of publication, distribution, etc. 1985
300 ## - PHYSICAL DESCRIPTION
Extent 7p. ; 30cm.
350 ## - PRICE (NR) (BK AM CF MU VM SE) [OBSOLETE]
Price 0
650 ## - SUBJECT ADDED ENTRY--TOPICAL TERM
Topical term or geographic name entry element FARM LAND
650 ## - SUBJECT ADDED ENTRY--TOPICAL TERM
Topical term or geographic name entry element INDUSTRIAL PROPERTY
650 ## - SUBJECT ADDED ENTRY--TOPICAL TERM
Topical term or geographic name entry element OFFICES
650 ## - SUBJECT ADDED ENTRY--TOPICAL TERM
Topical term or geographic name entry element RESIDENTIAL PROPERTY
9 (RLIN) 6266
650 ## - SUBJECT ADDED ENTRY--TOPICAL TERM
Topical term or geographic name entry element SWINDON
942 ## - ADDED ENTRY ELEMENTS (KOHA)
Suppress in OPAC 0
948 ## - LOCAL PROCESSING INFORMATION (OCLC); SERIES PART DESIGNATOR (RLIN)
c (OCLC) 04/03/1997
Holdings
Withdrawn status Lost status Source of classification or shelving scheme Damaged status Not for loan Home library Current library Shelving location Date acquired Total Checkouts Full call number Barcode Date last seen Copy number Price effective from Koha item type
    Dewey Decimal Classification     London London Property market reports 21/08/1991   LIBRARY ANNEXE 30028128 06/08/2019 1 06/08/2019 Book